000 00785nas a2200253 4500
001 BR2012004090
003 BR-BrBNA
005 20231205120651.0
007 ta
008 230509b bl.|||p| |||| 00| 00por d
040 _aBR-BrBNA
_bpor
_cBiblioteca Nacional de Agricultura
041 _a(PT)
072 _aF70
100 1 _aGiacobbo, E.O.
100 1 _aBoechat, S. de C.
245 1 _aO gênero Spartina Schreber (Gramineae, Chloridoideae)no Rio Grande do Sul
650 _aGRAMINEAE
650 _aTAXONOMIA VEGETAL
650 _aDISTRIBUIÇÃO GEOGRÁFICA
650 _aRIO GRANDE DO SUL
773 0 _tIheringia. Série Botânica (Brazil)
_xISSN 0073-4705
_g(Jun 1988), v. 37 p. 89-109
_wBR2012004090
909 _a202311
_bLúcia
_c55
_dLúcia Elande
942 _2AGRIS
_n0
_cANA
999 _c219658
_d219658